000 00667nam a2200217 a 4500
005 20210219152821.0
008 991125n 000 0 eng u
035 _aUPN01000062280
100 _aGaines, Natalie D.
222 _aJOURNAL OF SPEECH, LANGUAGE, AND HEARING RESEARCH
245 _aA comparison of young stutterers' fluent versus stuttered utterances on measures of length and complexity
300 _a37-42
362 _a1991 34, no. 1
653 0 _aESTRUCTURA DE ORACIONES
653 0 _aNIVEL DE DIFICULTAD
653 0 _aTARTAMUDEZ
700 _aRunyan, Charles M.
700 _aMeyers, Susan C.
904 _aAC
_b000091
905 _aArticulo
999 _c61627
_d61627